| 000 | 00521nam a22002057a 4500 | ||
|---|---|---|---|
| 003 | Nust | ||
| 005 | 20211119152802.0 | ||
| 008 | 170120b xxu||||| |||| 00| 0 eng d | ||
| 020 | _a9788120328846 | ||
| 038 | _akhadija | ||
| 040 | _c. | ||
| 082 |
_a629.892 _bPRI |
||
| 100 |
_aChoset, Howie _984642 |
||
| 245 |
_aPrinciples of Robot Motion Theory, Algorithms and Implementations / _c Howie Choset |
||
| 260 |
_aNew Dlhi _bPHI _c2010. |
||
| 300 | _a603.p; | ||
| 500 | _aPaperback. | ||
| 563 | _aPB | ||
| 942 |
_cBK _2ddc |
||
| 999 |
_c32336 _d32336 |
||